000 00331nam a2200133Ia 4500
005 20260328104342.0
008 260328s9999||||xx |||||||||||||| ||und||
100 _aKahn, Louis
245 0 _aLouis I .Kahn, Oeuvres 1963-1969 /
_cLouis Kahn
260 _bL'Architecture
300 _a109 p.
650 _aARQUITECTOS
942 _cBK
999 _c12160
_d12160